Mister and me / (Record no. 5942)

MARC details
000 -LEADER
fixed length control field 01169cam a2200349 a 4500
001 - CONTROL NUMBER
control field 5942
003 - CONTROL NUMBER IDENTIFIER
control field FISKH
005 - DATE AND TIME OF LATEST TRANSACTION
control field 20250210115749.0
008 - FIXED-LENGTH DATA ELEMENTS--GENERAL INFORMATION
fixed length control field 970905s1998 nyua c 000 1 eng
010 ## - LIBRARY OF CONGRESS CONTROL NUMBER
LC control number 97040329
020 ## - INTERNATIONAL STANDARD BOOK NUMBER
International Standard Book Number 039923215X
020 ## - INTERNATIONAL STANDARD BOOK NUMBER
International Standard Book Number 0439063922
040 ## - CATALOGING SOURCE
Original cataloging agency DLC
Transcribing agency DLC
Modifying agency DLC
Language of cataloging eng
042 ## - AUTHENTICATION CODE
Authentication code lcac
050 ## - LIBRARY OF CONGRESS CALL NUMBER
Classification number PZ7.H74023 M
082 ## - DEWEY DECIMAL CLASSIFICATION NUMBER
Classification number 480
100 1# - MAIN ENTRY--PERSONAL NAME
Personal name Holt, Kimberly Willis
Dates associated with a name (1960-)
245 10 - TITLE STATEMENT
Title Mister and me /
Statement of responsibility, etc. Kimberly Willis Holt ; with illustrations by Leonard Jenkins.
250 ## - EDITION STATEMENT
Edition statement This edition first published in 1998
260 ## - PUBLICATION, DISTRIBUTION, ETC.
Place of publication, distribution, etc. New York :
Name of publisher, distributor, etc. Scholastic,
Date of publication, distribution, etc. 1998.
300 ## - PHYSICAL DESCRIPTION
Extent 74 pages:
Other physical details illustrations ;
Dimensions 20 cm
505 ## - FORMATTED CONTENTS NOTE
Formatted contents note R<br/>
520 ## - SUMMARY, ETC.
Summary, etc. In a small Louisiana mill town in 1940, Jolene does not want her Momma to marry the logger who is courting her, but it seems that even her most defiantly bad behavior cannot make him go away.
521 8# - TARGET AUDIENCE NOTE
Target audience note 710<br/>
Source Lexile<br/>
521 8# - TARGET AUDIENCE NOTE
Target audience note R<br/>
Source Raz-Plus<br/>
650 #1 - SUBJECT ADDED ENTRY--TOPICAL TERM
Topical term or geographic name entry element Remarriage
Form subdivision Fiction.
650 #1 - SUBJECT ADDED ENTRY--TOPICAL TERM
Topical term or geographic name entry element Family life
Form subdivision Fiction.
700 1# - ADDED ENTRY--PERSONAL NAME
Personal name Jenkins, Leonard
Relator term illustrator
906 ## - LOCAL DATA ELEMENT F, LDF (RLIN)
a 7
b cbc
c orignew
d 1
e ocip
f 19
g y-gencatlg
942 ## - ADDED ENTRY ELEMENTS (KOHA)
Source of classification or shelving scheme Dewey Decimal Classification
Koha item type Books
Suppress in OPAC No
Holdings
Withdrawn status Lost status Source of classification or shelving scheme Damaged status Not for loan Collection Home library Current library Shelving location Date acquired Total Checkouts Full call number Barcode Date last seen Copy number Price effective from Koha item type
    Dewey Decimal Classification     Juvenile Fiction Footprints International School Library Network Toul Kork Campus Footprints International School Library Network Toul Kork Campus TTP Primary Orange Bookshelves 02/10/2025   HOL 480 PZ7.H74023 M 2025-0477 02/10/2025 1 02/10/2025 Books